Normal view MARC view

Entry Termo tópico

Number of records used in: 2

001 - NÚMERO DE CONTROLE

  • campo de controle: 1636

003 - IDENTIFICADOR DO NÚMERO DE CONTROLE

  • campo de controle: OSt

005 - DATA E HORÁRIO DA ÚLTIMA TRANSAÇÃO

  • campo de controle: 20251117133554.0

008 - CAMPO DE DADOS FIXOS

  • campo de controle de tamanho fixo: 251117|| aca||babn | a|a d

040 ## - FONTE DA CATALOGAÇÃO

  • Instituição da catalogação original: OSt

150 ## - CABEÇALHO--TERMO TÓPICO (ASSUNTO)

  • Cabeçalho tópico ou nome geográfico: Afrodisíacos

450 ## - REMISSIVIA VER--TERMO TÓPICO

  • Cabeçalho tópico ou nome geográfico: Love-philter

450 ## - REMISSIVIA VER--TERMO TÓPICO

  • Cabeçalho tópico ou nome geográfico: Love-philtre

450 ## - REMISSIVIA VER--TERMO TÓPICO

  • Cabeçalho tópico ou nome geográfico: Love-potion

450 ## - REMISSIVIA VER--TERMO TÓPICO

  • Cabeçalho tópico ou nome geográfico: Philtre (Love)